Integrovaná optika
Salvato in:
| Autori principali: | , , , |
|---|---|
| Natura: | Libro |
| Lingua: | ceco |
| Pubblicazione: |
Praha :
SNTL,
1986
|
| Tags: |
Nessun Tag, puoi essere il primo ad aggiungerne!!
|
MARC
| LEADER | 00000nam a22000003a 4500 | ||
|---|---|---|---|
| 001 | stu4840 | ||
| 005 | 20260122095245.9 | ||
| 008 | 931111s1986----cs------------------cze-d | ||
| 040 | |a STU |b slo | ||
| 041 | 0 | |a cze | |
| 044 | |a cs | ||
| 080 | |a 621.372.8.049.7 | ||
| 080 | |a 535.2 |7 A000003303 | ||
| 100 | 1 | |a Čtyroký, Jiří |4 aut | |
| 245 | 1 | |a Integrovaná optika | |
| 260 | |a Praha : |b SNTL, |c 1986 | ||
| 300 | |a 198 s. | ||
| 700 | 1 | |a Hüttel, Ivan |4 aut | |
| 700 | 1 | |a Schröfel, Josef |4 aut | |
| 700 | 1 | |a Šimánková, Ludmila |4 aut | |
| 996 | |b 284EK05820 |c E*62295 |l EE01 |s A |a 24 |w stu4840_0001 | ||
| 996 | |b 284EK06593 |c E*62296 |l EE0101 |s P |a 0 |w stu4840_0005 | ||
| 996 | |b 284EK91167 |c E* 91167 |l EE01 |s A |a 24 |w stu4840_0006 | ||